[Event "SVK-chT1W 1617"]
[Site "Slovakia"]
[Date "2016.11.20"]
[Round "4.6"]
[White "Orgon, Dusan"]
[Black "Travenec, Igor"]
[Result "1-0"]
[WhiteElo "2074"]
[BlackElo "2153"]
[PlyCount "115"]
[EventDate "2016.10.15"]
[EventType "team-tourn"]
[EventRounds "11"]
[EventCountry "SVK"]
[SourceTitle "EXT 2018"]
[Source "ChessBase"]
[SourceDate "2017.10.13"]
[SourceVersion "1"]
[SourceVersionDate "2017.10.13"]
[SourceQuality "1"]
[WhiteTeam "Dubnica nad Vahom II"]
[BlackTeam "Bratislava Slovan II"]
[WhiteTeamCountry "SVK"]
[BlackTeamCountry "SVK"]

1. d4 Nf6 2. Bg5 d5 3. Bxf6 exf6 4. e3 c6 5. c4 Qb6 6. Qb3 Be6 7. c5 Qc7 8. Qc3 Nd7 9. Nf3 b6 10. b4 bxc5 11. bxc5 Be7 12. Nbd2 0-0 13. Ba6 Nb8 14. Bd3 a5 15. 0-0 Nd7 16. Rab1 Rfb8 17. Qc2 g6 18. Qa4 Bd8 19. h3 Rxb1 20. Rxb1 Rb8 21. Rb3 Rxb3 22. Nxb3 Nb8 23. Nc1 Bc8 24. Qb3 Ba6 25. Kf1 Bxd3+ 26. Nxd3 Qa7 27. Nb2 Nd7 28. Na4 Kg7 29. Ke1 Bc7 30. Nd2 f5 31. Nf3 f6 32. Ng1 Kf8 33. Ne2 Ke7 34. Nec3 Qa6 35. Nb2 Kd8 36. Nca4 Kc8 37. Nd3 Qb7 38. Ke2 Qa6 39. Kd2 Qb7 40. Kc2 Qa6 41. Nc3 Qb7 42. Qa4 Nb8 43. a3 Qa6 44. Qb3 Nd7 45. Qa4 Nb8 46. f3 Kd8 47. Qb3 Ke7 48. e4 fxe4 49. fxe4 dxe4 50. Nxe4 Qc8 51. Nc3 Kf8 52. d5 cxd5 53. Qxd5 Qd7 54. Qxd7 Nxd7 55. Nd5 Nxc5 56. Nxc5 Bd6 57. Nxf6 Kf7 58. Nfe4 1-0

[Event "SVK-chT1W 1516"]
[Site "Slovakia"]
[Date "2015.10.25"]
[Round "2.2"]
[White "Briestensky, Rastislav"]
[Black "Travenec, Igor"]
[Result "1-0"]
[WhiteElo "2318"]
[BlackElo "2218"]
[PlyCount "103"]
[EventDate "2015.10.24"]
[EventType "team-tourn"]
[EventRounds "11"]
[EventCountry "SVK"]
[SourceTitle "CBM 170 Extra"]
[Source "ChessBase"]
[SourceDate "2016.02.25"]
[SourceVersion "1"]
[SourceVersionDate "2016.02.25"]
[SourceQuality "1"]
[WhiteTeam "Nitra Trogar"]
[BlackTeam "Bratislava Slovan II"]
[WhiteTeamCountry "SVK"]
[BlackTeamCountry "SVK"]

1. e4 e6 2. f4 d5 3. e5 c5 4. Nf3 Nc6 5. Bb5 Bd7 6. a4 a6 7. Be2 Nge7 8. 0-0 Nf5 9. c3 d4 10. g4 Nh4 11. d3 Nxf3+ 12. Bxf3 Qc7 13. Nd2 Be7 14. Nc4 0-0 15. a5 Rad8 16. Qe2 dxc3 17. bxc3 f6 18. exf6 Bxf6 19. Bd2 g6 20. Rfe1 Bc8 21. Bg2 Bh4 22. Rf1 Bf6 23. Be4 Ne7 24. Nb6 Nd5 25. Nxc8 Qxc8 26. Ra3 Bg7 27. c4 Nb4 28. Qg2 Rd7 29. Kh1 Kh8 30. Rb1 Qd8 31. Qh3 Kg8 32. Rf1 Re7 33. Qg2 Rd7 34. Qh3 Re7 35. Ra4 Ref7 36. Ra3 Qd6 37. Kg2 Bb2 38. Rb3 Bg7 39. Rbb1 Rd7 40. Rf3 Nc2 41. Rb6 Qe7 42. Rf1 Nd4 43. Kh1 Rf7 44. Qg2 Bh6 45. Be3 Qf8 46. Bxd4 cxd4 47. f5 gxf5 48. gxf5+ Rg7 49. fxe6 Qd8 50. Qh3 Be3 51. exd7 Qg5 52. Bd5+ 1-0

[Event "SVK-chT 1415"]
[Site "Slovakia"]
[Date "2015.03.22"]
[Round "11.3"]
[White "Travenec, Igor"]
[Black "Gazik, Igor"]
[Result "1/2-1/2"]
[WhiteElo "2221"]
[BlackElo "2321"]
[PlyCount "73"]
[EventDate "2014.10.25"]
[EventType "team-tourn"]
[EventRounds "11"]
[EventCountry "SVK"]
[SourceTitle "EXT 2016"]
[Source "ChessBase"]
[SourceDate "2015.10.08"]
[SourceVersion "1"]
[SourceVersionDate "2015.10.08"]
[SourceQuality "1"]
[WhiteTeam "Bratislava Slovan II"]
[BlackTeam "Dunajov"]
[WhiteTeamCountry "SVK"]
[BlackTeamCountry "SVK"]

1. e4 c5 2. Nf3 g6 3. d4 cxd4 4. Nxd4 Nf6 5. Nc3 d6 6. f3 Bg7 7. Be3 0-0 8. Qd2 Nc6 9. 0-0-0 Bd7 10. h4 h5 11. Be2 Ne5 12. Kb1 Rc8 13. g4 hxg4 14. f4 Rxc3 15. Qxc3 Nxe4 16. Qe1 Nc6 17. Nxc6 bxc6 18. Bd4 e5 19. fxe5 dxe5 20. Be3 Qe7 21. h5 Bf5 22. hxg6 Bxg6 23. Bxg4 Rb8 24. Bh5 Ng3 25. Bxg6 Nxh1 26. Qxh1 fxg6 27. Qxc6 e4 28. Qd5+ Qf7 29. Qxf7+ Kxf7 30. b3 Rb7 31. c4 Ke6 32. Kc2 Be5 33. Rg1 Kf5 34. Rg5+ Kf6 35. Rg4 Kf5 36. Rg5+ Kf6 37. Rg4 1/2-1/2

[Event "SVK-chT1W 1415"]
[Site "Slovakia"]
[Date "2015.01.10"]
[Round "5.4"]
[White "Mydlarik, Martin"]
[Black "Travenec, Igor"]
[Result "0-1"]
[WhiteElo "2138"]
[BlackElo "2221"]
[PlyCount "80"]
[EventDate "2014.10.18"]
[EventType "team-tourn"]
[EventRounds "11"]
[EventCountry "SVK"]
[SourceTitle "EXT 2016"]
[Source "ChessBase"]
[SourceDate "2015.10.08"]
[SourceVersion "1"]
[SourceVersionDate "2015.10.08"]
[SourceQuality "1"]
[WhiteTeam "Modra"]
[BlackTeam "Bratislava Slovan III"]
[WhiteTeamCountry "SVK"]
[BlackTeamCountry "SVK"]

1. e4 e6 2. d4 d5 3. Nc3 Bb4 4. e5 c5 5. a3 Bxc3+ 6. bxc3 Qc7 7. Nf3 Ne7 8. Bd3 Nbc6 9. 0-0 Ng6 10. h4 c4 11. Be2 h6 12. h5 Nge7 13. Nh4 Nf5 14. Nxf5 exf5 15. Bf3 Be6 16. a4 Qd7 17. Ba3 g5 18. hxg6 fxg6 19. g3 0-0-0 20. Bg2 g5 21. Bc1 Rdg8 22. f4 gxf4 23. Bxf4 h5 24. Kf2 h4 25. gxh4 Rxh4 26. Qf3 Rgg4 27. Bg3 Rh8 28. Bf4 Ne7 29. Rh1 Rxh1 30. Bxh1 Ng6 31. Bd2 Qh7 32. Rf1 f4 33. Ke1 Nh4 34. Qh3 Qg6 35. Bf3 Nxf3+ 36. Qxf3 Qxc2 37. Rh1 Rg8 38. a5 Bg4 39. Qxf4 Qd1+ 40. Kf2 Qxh1 0-1

[Event "SVK-chT1W 1314"]
[Site "Slovakia"]
[Date "2013.12.15"]
[Round "6.8"]
[White "Oprea, Erik"]
[Black "Travenec, Igor"]
[Result "1-0"]
[WhiteElo "2130"]
[BlackElo "2238"]
[PlyCount "103"]
[EventDate "2013.10.12"]
[EventType "team-tourn"]
[EventRounds "11"]
[EventCountry "SVK"]
[SourceTitle "EXT 2015"]
[Source "ChessBase"]
[SourceDate "2014.11.20"]
[SourceVersion "1"]
[SourceVersionDate "2014.11.20"]
[SourceQuality "1"]
[WhiteTeam "Devinska Nova Ves"]
[BlackTeam "Bratislava Slovan III"]
[WhiteTeamCountry "SVK"]
[BlackTeamCountry "SVK"]

1. e4 e6 2. e5 d5 3. exd6 cxd6 4. Nc3 Nf6 5. d4 d5 6. Be3 Nc6 7. h3 Bd6 8. Bd3 Bd7 9. Nf3 a6 10. Qd2 Qb6 11. 0-0 0-0 12. Bg5 Ne8 13. a3 Rc8 14. Rfe1 Qc7 15. Ne2 f6 16. Bh4 f5 17. Bg3 Nf6 18. Bxd6 Qxd6 19. Qf4 Ne4 20. Qxd6 Nxd6 21. Ne5 Nxe5 22. dxe5 Nc4 23. Bxc4 Rxc4 24. c3 Kf7 25. Rad1 b5 26. Rd4 Rb8 27. Red1 Ke7 28. f4 a5 29. Kf2 Be8 30. R1d2 Bc6 31. g4 Rf8 32. gxf5 exf5 33. Rxc4 bxc4 34. Nd4 Ba4 35. Ke3 g6 36. Nf3 Bc6 37. Kd4 Rc8 38. Rg2 Be8 39. Ng5 h6 40. Nh7 Bf7 41. Nf6 Ke6 42. h4 Rc7 43. h5 gxh5 44. Rh2 Rc8 45. Nxh5 Rb8 46. Ng7+ Kd7 47. Rxh6 Bg8 48. Rh8 Rxb2 49. Rxg8 Rd2+ 50. Kc5 Rf2 51. Nxf5 Rxf4 52. Nd4 1-0

[Event "SVK-chT1W 1314"]
[Site "Slovakia"]
[Date "2013.10.13"]
[Round "2.6"]
[White "Orgon, Dusan"]
[Black "Travenec, Igor"]
[Result "0-1"]
[WhiteElo "2089"]
[BlackElo "2238"]
[PlyCount "64"]
[EventDate "2013.10.12"]
[EventType "team-tourn"]
[EventRounds "11"]
[EventCountry "SVK"]
[SourceTitle "EXT 2015"]
[Source "ChessBase"]
[SourceDate "2014.11.20"]
[SourceVersion "1"]
[SourceVersionDate "2014.11.20"]
[SourceQuality "1"]
[WhiteTeam "Dubnica nad Vahom II"]
[BlackTeam "Bratislava Slovan III"]
[WhiteTeamCountry "SVK"]
[BlackTeamCountry "SVK"]

1. d4 Nf6 2. Nf3 e6 3. e3 d5 4. Bd3 c5 5. 0-0 Nc6 6. c3 Bd6 7. Nbd2 0-0 8. Qe2 Re8 9. Rd1 e5 10. dxe5 Nxe5 11. Nxe5 Bxe5 12. e4 Qc7 13. h3 Bf5 14. f3 Bf4 15. g4 Bg6 16. Re1 Rad8 17. Bb5 Re7 18. Qg2 c4 19. Ba4 Qb6+ 20. Kh1 Bxd2 21. Bxd2 dxe4 22. f4 e3 23. f5 Rxd2 24. Re2 Qxb2 25. Rae1 Rxe2 26. Rxe2 Qxc3 27. fxg6 hxg6 28. Bc2 Qd4 29. Kg1 Nd5 30. Qf3 Nf4 31. Re1 Qd2 32. Rd1 e2 0-1

[Event "AUT-chT2O 1112"]
[Site "Austria"]
[Date "2012.03.04"]
[Round "7.4"]
[White "Steinert, Martin"]
[Black "Travenec, Igor"]
[Result "0-1"]
[WhiteElo "2075"]
[BlackElo "2196"]
[PlyCount "126"]
[EventDate "2011.10.15"]
[EventType "team-tourn"]
[EventRounds "11"]
[EventCountry "AUT"]
[SourceTitle "EXT 2013"]
[Source "ChessBase"]
[SourceDate "2012.11.22"]
[SourceVersion "1"]
[SourceVersionDate "2012.11.22"]
[SourceQuality "1"]
[WhiteTeam "Nickelsdorf"]
[BlackTeam "Pamhagen"]
[WhiteTeamCountry "AUT"]
[BlackTeamCountry "AUT"]

1. Nf3 d5 2. c4 c6 3. e3 Nf6 4. b3 Bf5 5. Bb2 e6 6. Be2 Be7 7. 0-0 0-0 8. d3 Nbd7 9. Nbd2 h6 10. Rc1 a5 11. a4 Nc5 12. Ne5 Nfd7 13. Nxd7 Qxd7 14. Nf3 Rfd8 15. Ne5 Qc7 16. cxd5 exd5 17. d4 Ne4 18. f3 Nd6 19. g4 Bh7 20. Ba3 Ne8 21. Bxe7 Qxe7 22. Bd3 Bxd3 23. Qxd3 Nd6 24. Rc5 Re8 25. Re1 h5 26. Re2 hxg4 27. Nxg4 Qh4 28. Rc1 Re6 29. Ne5 Rae8 30. Rg2 Qh7 31. Qxh7+ Kxh7 32. Rc5 f6 33. Ng4 Nf5 34. Rxa5 Nxe3 35. Nxe3 Rxe3 36. b4 Rxf3 37. Rb2 Re4 38. Kg2 Ra3 39. Ra7 Rxd4 40. a5 Rg4+ 41. Kf2 Rh4 42. Kg1 Rc4 43. Rxb7 d4 44. h4 d3 45. Rg2 Ra1+ 46. Kh2 Rxh4+ 47. Kg3 Rh5 48. Kf4 Rg5 49. Rxg5 fxg5+ 50. Ke3 g4 51. Rd7 Ra4 52. Rxd3 Rxb4 53. Ra3 Kg6 54. a6 Rb8 55. Kf4 Kf6 56. a7 Ra8 57. Ra6 Ke7 58. Rxc6 Rxa7 59. Rg6 Kf7 60. Rxg4 Ra4+ 61. Kf5 Rxg4 62. Kxg4 Kg6 63. Kh4 Kf5 0-1

[Event "SVK-chT1W 1112"]
[Site "Slovakia"]
[Date "2011.11.13"]
[Round "4.5"]
[White "Miklas, Marian"]
[Black "Travenec, Igor"]
[Result "1/2-1/2"]
[WhiteElo "2143"]
[BlackElo "2196"]
[PlyCount "22"]
[EventDate "2011.10.15"]
[EventType "team-tourn"]
[EventRounds "11"]
[EventCountry "SVK"]
[SourceTitle "EXT 2013"]
[Source "ChessBase"]
[SourceDate "2012.11.22"]
[SourceVersion "1"]
[SourceVersionDate "2012.11.22"]
[SourceQuality "1"]
[WhiteTeam "Trnava Lokomotiva"]
[BlackTeam "Bratislava Slovan II"]
[WhiteTeamCountry "SVK"]
[BlackTeamCountry "SVK"]

1. Nf3 d5 2. c4 e6 3. g3 Nf6 4. Bg2 Be7 5. 0-0 0-0 6. d4 c6 7. Nc3 Nbd7 8. Bf4 Nh5 9. Qc2 Nxf4 10. gxf4 f5 11. e3 Rf6 1/2-1/2

[Event "SVK-chT1W 1112"]
[Site "Slovakia"]
[Date "2011.11.12"]
[Round "3.6"]
[White "Jozefek, Michal"]
[Black "Travenec, Igor"]
[Result "0-1"]
[WhiteElo "1910"]
[BlackElo "2196"]
[PlyCount "132"]
[EventDate "2011.10.15"]
[EventType "team-tourn"]
[EventRounds "11"]
[EventCountry "SVK"]
[SourceTitle "EXT 2013"]
[Source "ChessBase"]
[SourceDate "2012.11.22"]
[SourceVersion "1"]
[SourceVersionDate "2012.11.22"]
[SourceQuality "1"]
[WhiteTeam "Osuske"]
[BlackTeam "Bratislava Slovan II"]
[WhiteTeamCountry "SVK"]
[BlackTeamCountry "SVK"]

1. d4 Nf6 2. c4 e6 3. Nf3 d5 4. g3 c6 5. Bg2 Nbd7 6. Nc3 Be7 7. 0-0 0-0 8. b3 Ne4 9. Qc2 f5 10. Bb2 Qe8 11. Ne5 Nxe5 12. dxe5 Qh5 13. Nxe4 fxe4 14. Rad1 Bd7 15. Bxe4 Be8 16. Bg2 Bg6 17. Qc3 Bf5 18. Rd2 Bh3 19. Bxh3 Qxh3 20. e3 Rf3 21. Rfd1 Raf8 22. Qd3 b6 23. Qf1 Qf5 24. Qg2 Bb4 25. Re2 Bc5 26. Bd4 Qe4 27. Rdd2 Bb4 28. Rc2 Qg6 29. Bb2 Bc5 30. Bd4 Be7 31. cxd5 exd5 32. Ba1 Qe6 33. Qf1 h5 34. Qd1 h4 35. Qd4 hxg3 36. hxg3 Qh3 37. Qd1 Bg5 38. Qf1 Qg4 39. Qg2 c5 40. Re1 d4 41. exd4 cxd4 42. e6 Be3 43. fxe3 Rxg3 44. Bxd4 Re8 45. Be5 Rxg2+ 46. Rxg2 Qxe6 47. Rxg7+ Kh8 48. Bd4 Rg8 49. Rxg8+ Kxg8 50. Re2 Kf8 51. Rg2 Qe4 52. Rf2+ Ke7 53. Kf1 Ke6 54. Ke2 Qc2+ 55. Ke1 Qb1+ 56. Ke2 Qxa2+ 57. Kf3 Qxb3 58. Ke4 Qb1+ 59. Kf3 a5 60. Rb2 Qf5+ 61. Ke2 b5 62. Kd2 b4 63. Rc2 Qf2+ 64. Kc1 Qe1+ 65. Kb2 a4 66. Rh2 Kd5 0-1

[Event "AUT-chT2O 1011"]
[Site "Austria"]
[Date "2010.11.28"]
[Round "7"]
[White "Rampler, Evelyn"]
[Black "Travenec, Igor"]
[Result "0-1"]
[WhiteElo "1842"]
[BlackElo "2233"]
[PlyCount "80"]
[EventDate "2010.10.02"]
[EventType "team-tourn"]
[EventRounds "11"]
[EventCountry "AUT"]
[SourceTitle "EXT 2012"]
[Source "ChessBase"]
[SourceDate "2011.11.24"]
[SourceVersion "1"]
[SourceVersionDate "2011.11.24"]
[SourceQuality "1"]
[WhiteTeam "Wulkaprodersdorf"]
[BlackTeam "Pamhagen"]
[WhiteTeamCountry "AUT"]
[BlackTeamCountry "AUT"]

1. e4 e6 2. d3 d5 3. Nd2 c5 4. Ngf3 Nc6 5. g3 Nf6 6. Bg2 Be7 7. 0-0 0-0 8. Re1 Qc7 9. h4 b6 10. e5 Nd7 11. Qe2 Bb7 12. Nf1 Nd4 13. Nxd4 cxd4 14. Bf4 Rac8 15. Rac1 Qc5 16. Nd2 Qb5 17. Nb3 a5 18. Qg4 Kh8 19. Bd2 a4 20. Nxd4 Qxb2 21. Rb1 Qa3 22. Qe2 Ba6 23. Rec1 Rc7 24. Qe1 Rfc8 25. Bb4 Bxb4 26. Rxb4 Nxe5 27. Rcb1 Nxd3 28. Qe3 e5 29. Rxb6 exd4 30. Qxd4 Nc5 31. Bxd5 Rd8 32. Qe5 Rcd7 33. Rb8 Bc8 34. Re1 h6 35. Rb6 f6 36. Rxf6 Rxd5 37. Rxh6+ Kg8 38. Qe8+ Rxe8 39. Rxe8+ Kf7 40. Rhh8 Bg4 0-1

[Event "SVK-chT1W 1011"]
[Site "Slovakia"]
[Date "2010.11.07"]
[Round "2.3"]
[White "Travenec, Igor"]
[Black "Pinter, Patrik"]
[Result "1/2-1/2"]
[WhiteElo "2233"]
[BlackElo "2189"]
[PlyCount "51"]
[EventDate "2010.11.06"]
[EventType "team-tourn"]
[EventRounds "11"]
[EventCountry "SVK"]
[SourceTitle "EXT 2012"]
[Source "ChessBase"]
[SourceDate "2011.11.24"]
[SourceVersion "1"]
[SourceVersionDate "2011.11.24"]
[SourceQuality "1"]
[WhiteTeam "Bratislava Slovan II"]
[BlackTeam "Nitra"]
[WhiteTeamCountry "SVK"]
[BlackTeamCountry "SVK"]

1. e4 d6 2. d4 Nf6 3. Nc3 g6 4. f3 c6 5. Be3 Nbd7 6. Qd2 b5 7. a3 Bg7 8. Nh3 a6 9. Bh6 Bxh6 10. Qxh6 Qb6 11. Ne2 c5 12. c3 Bb7 13. Nf2 a5 14. Qd2 0-0 15. h4 b4 16. h5 Ba6 17. hxg6 fxg6 18. Nf4 Bxf1 19. Kxf1 Rab8 20. Ne6 Rf7 21. Ng5 Rg7 22. Ne6 Rf7 23. axb4 axb4 24. Ng5 Rg7 25. Ne6 Rf7 26. Ng5 1/2-1/2

[Event "SVK-chT1E 0708"]
[Site "Slovakia"]
[Date "2008.02.10"]
[Round "9.4"]
[White "Maslikova, Veronika"]
[Black "Travenec, Igor"]
[Result "1-0"]
[WhiteElo "2192"]
[BlackElo "2239"]
[PlyCount "63"]
[EventDate "2007.10.13"]
[EventType "team-swiss"]
[EventRounds "11"]
[EventCountry "SVK"]
[SourceTitle "EXT 2019"]
[Source "ChessBase"]
[SourceDate "2018.10.10"]
[SourceVersion "1"]
[SourceVersionDate "2018.10.10"]
[SourceQuality "1"]
[WhiteTeam "Budmerice"]
[BlackTeam "Bratislava Slovan II"]
[WhiteTeamCountry "SVK"]
[BlackTeamCountry "SVK"]

1. e4 e6 2. d3 d5 3. Nd2 c5 4. g3 Nc6 5. c3 Nf6 6. Qe2 dxe4 7. dxe4 Be7 8. Ngf3 Qc7 9. Bg2 0-0 10. 0-0 b6 11. Re1 Bb7 12. e5 Nd7 13. Nf1 h6 14. h4 a6 15. N1h2 Rfd8 16. Ng4 Bf8 17. Bf4 Ne7 18. h5 b5 19. b3 c4 20. b4 a5 21. a3 axb4 22. axb4 Nf5 23. Nh4 Nxh4 24. gxh4 Bxg2 25. Kxg2 f5 26. exf6 Qxf4 27. Rxa8 Rxa8 28. Qxe6+ Kh8 29. Qxd7 gxf6 30. Qe6 f5 31. Ne5 Kg7 32. Qg6+ 1-0

[Event "SVK-chT1W 0607"]
[Site "Slovakia"]
[Date "2007.01.14"]
[Round "7.6"]
[White "Daubner, Jakub"]
[Black "Travenec, Igor"]
[Result "1/2-1/2"]
[WhiteElo "2173"]
[BlackElo "2261"]
[PlyCount "43"]
[EventDate "2006.10.07"]
[EventType "team-tourn"]
[EventRounds "11"]
[EventCountry "SVK"]
[SourceTitle "EXT 2008"]
[Source "ChessBase"]
[SourceDate "2007.11.25"]
[SourceVersion "1"]
[SourceVersionDate "2007.11.25"]
[SourceQuality "1"]
[WhiteTeam "Devinska Nova Ves"]
[BlackTeam "Bratislava Slovan II"]
[WhiteTeamCountry "SVK"]
[BlackTeamCountry "SVK"]

1. c4 e5 2. Nc3 Nf6 3. g3 g6 4. Bg2 Bg7 5. e4 d6 6. Nge2 Be6 7. b3 c5 8. d3 Nc6 9. 0-0 Qd7 10. Nd5 h6 11. Nxf6+ Bxf6 12. Be3 Bh3 13. Nc3 Bg7 14. Qd2 h5 15. f3 0-0-0 16. Bxh3 Qxh3 17. Nd5 f5 18. Qg2 Qxg2+ 19. Kxg2 Rdf8 20. Rad1 Rf7 21. h3 Kd7 22. g4 1/2-1/2

[Event "SVK-chT1W 0304"]
[Site "Slovakia"]
[Date "2004.??.??"]
[Round "8"]
[White "Travenec, Igor"]
[Black "Bronis, Marian"]
[Result "1-0"]
[WhiteElo "2230"]
[BlackElo "2170"]
[PlyCount "105"]
[EventDate "2003.10.??"]
[EventType "team"]
[EventRounds "9"]
[EventCountry "SVK"]
[SourceTitle "EXT 2005"]
[Source "ChessBase"]
[SourceDate "2004.11.15"]
[SourceVersion "1"]
[SourceVersionDate "2004.11.15"]
[SourceQuality "1"]

1. e4 e6 2. d4 c5 3. Nf3 cxd4 4. Nxd4 Nc6 5. Nc3 d6 6. Be2 Nf6 7. 0-0 Be7 8. Kh1 0-0 9. f4 e5 10. Nxc6 bxc6 11. Be3 exf4 12. Bxf4 Be6 13. Bf3 Ne8 14. Qe2 Bg5 15. Bg3 Qa5 16. Rfd1 Qb4 17. Rab1 Rd8 18. Bf2 Qa5 19. Rd4 Qc7 20. Ra4 Ra8 21. Rd1 Bf6 22. Bd4 Be5 23. Qf2 Nf6 24. Bxe5 dxe5 25. Qc5 Rfb8 26. b3 Nd7 27. Qe7 Qb7 28. h3 Qc8 29. Kh2 Rb7 30. Qd6 Rb6 31. Ra5 h6 32. Qe7 Rb7 33. Qd6 Rb6 34. Be2 Qf8 35. Na4 Qd8 36. Nxb6 Qxb6 37. Qd2 Qf2 38. Bf3 Qh4 39. Qe3 Kh7 40. Ra6 Nb6 41. a4 g5 42. Be2 Rg8 43. Qg3 Nd7 44. Qxh4 gxh4 45. Rxc6 Nf6 46. Bf3 Rg3 47. Rd3 Kg7 48. b4 Kg6 49. b5 Kg5 50. a5 Kf4 51. b6 axb6 52. axb6 Nd7 53. Rxe6 1-0

[Event "SVK-chT 0304"]
[Site "Slovakia"]
[Date "2003.11.15"]
[Round "3"]
[White "Travenec, Igor"]
[Black "Kovacik, Emil"]
[Result "1/2-1/2"]
[WhiteElo "2234"]
[BlackElo "2162"]
[PlyCount "95"]
[EventDate "2003.10.25"]
[EventType "team-tourn"]
[EventRounds "11"]
[EventCountry "SVK"]
[SourceTitle "EXT 2019"]
[Source "ChessBase"]
[SourceDate "2018.10.10"]
[SourceVersion "1"]
[SourceVersionDate "2018.10.10"]
[SourceQuality "1"]
[WhiteTeam "Bratislava Slovan"]
[BlackTeam "Dubnica nad Vahom"]
[WhiteTeamCountry "SVK"]
[BlackTeamCountry "SVK"]

1. e4 d5 2. exd5 Qxd5 3. Nc3 Qd6 4. d4 Nf6 5. Nf3 a6 6. Be2 Nc6 7. Be3 Bf5 8. a3 0-0-0 9. 0-0 e5 10. dxe5 Nxe5 11. Qc1 Nxf3+ 12. Bxf3 Ng4 13. Bf4 Qg6 14. Nd5 Bd6 15. c4 Rhe8 16. c5 Bxf4 17. Qxf4 Ne5 18. Kh1 Rd7 19. Rfe1 f6 20. c6 bxc6 21. Nb4 Nxf3 22. Rxe8+ Qxe8 23. Qxf3 Qe4 24. Qxe4 Bxe4 25. Nxa6 Rd2 26. f3 Bd5 27. b4 g5 28. h3 h5 29. Nc5 g4 30. hxg4 hxg4 31. Re1 Kd8 32. Nb7+ Kd7 33. Nc5+ Kd8 34. Nb7+ Kc8 35. Nc5 Kb8 36. Nd7+ Kb7 37. Nxf6 gxf3 38. gxf3 Bxf3+ 39. Kg1 Rd3 40. Kf2 Rxa3 41. Re3 Rxe3 42. Kxe3 Bd1 43. Kd4 Kb6 44. Nd7+ Kb5 45. Kc3 Bg4 46. Nc5 Bf5 47. Nb3 Kb6 48. Nc5 1/2-1/2

[Event "SVK-chT 0304"]
[Site "Slovakia"]
[Date "2003.10.25"]
[Round "1"]
[White "Hlinka, Michal"]
[Black "Travenec, Igor"]
[Result "0-1"]
[WhiteElo "2283"]
[BlackElo "2234"]
[PlyCount "94"]
[EventDate "2003.10.25"]
[EventType "team-tourn"]
[EventRounds "11"]
[EventCountry "SVK"]
[SourceTitle "EXT 2019"]
[Source "ChessBase"]
[SourceDate "2018.10.10"]
[SourceVersion "1"]
[SourceVersionDate "2018.10.10"]
[SourceQuality "1"]
[WhiteTeam "Kosice Hydina"]
[BlackTeam "Bratislava Slovan"]
[WhiteTeamCountry "SVK"]
[BlackTeamCountry "SVK"]

1. d4 Nf6 2. Nf3 e6 3. g3 d5 4. Bg2 c5 5. 0-0 Nc6 6. c4 dxc4 7. Ne5 Nxe5 8. dxe5 Qxd1 9. Rxd1 Nd7 10. f4 Rb8 11. a4 b6 12. Bc6 Kd8 13. Na3 Kc7 14. Bb5 a6 15. Bxc4 Bb7 16. b3 Be7 17. Bb2 Rbd8 18. Kf2 Nb8 19. Bc3 g6 20. e3 Rxd1 21. Rxd1 Rd8 22. Rxd8 Bxd8 23. b4 cxb4 24. Bxb4 Nc6 25. Bd6+ Kd7 26. e4 f6 27. Kf3 fxe5 28. fxe5 h6 29. h4 Be7 30. Bxe7 Kxe7 31. Kf4 Na5 32. g4 Bc6 33. Bxa6 Bxa4 34. g5 h5 35. Ke3 Nc6 36. Kf4 Na7 37. Nc4 b5 38. Nb2 Bc2 39. Ke3 Kd7 40. Bb7 Kc7 41. Ba8 Kb8 42. Bd5 exd5 43. exd5 Kc7 44. Kd4 Kb6 45. e6 Nc8 46. Ke5 Kc5 47. Kf6 Kd6 0-1

[Event "SVK-chT1W 0304"]
[Site "Slovakia"]
[Date "2003.??.??"]
[Round "1"]
[White "Hanko, Pavol"]
[Black "Travenec, Igor"]
[Result "1/2-1/2"]
[WhiteElo "2195"]
[BlackElo "2230"]
[PlyCount "167"]
[EventDate "2003.10.??"]
[EventType "team"]
[EventRounds "9"]
[EventCountry "SVK"]
[SourceTitle "EXT 2005"]
[Source "ChessBase"]
[SourceDate "2004.11.15"]
[SourceVersion "1"]
[SourceVersionDate "2004.11.15"]
[SourceQuality "1"]

1. d4 Nf6 2. Nf3 d5 3. c4 e6 4. Bg5 Nbd7 5. e3 c6 6. Nc3 Be7 7. Rc1 h6 8. Bh4 0-0 9. Bd3 Re8 10. 0-0 dxc4 11. Bxc4 Nd5 12. Bxe7 Qxe7 13. Ne4 N5f6 14. Ng3 c5 15. e4 cxd4 16. e5 Nh7 17. Qxd4 Nb6 18. Bd3 Rd8 19. Qe4 Nf8 20. Rfd1 Nd5 21. Bc4 b6 22. Qg4 Bb7 23. Nh5 f5 24. Qg3 Kh8 25. h3 Rac8 26. Nd4 a6 27. Nf4 Nxf4 28. Qxf4 b5 29. Bb3 Rc5 30. Nf3 Ng6 31. Qg3 Rxd1+ 32. Rxd1 Bxf3 33. Qxf3 Rxe5 34. Qa8+ Kh7 35. Qxa6 Nf4 36. Qc6 Re4 37. Kh2 Qf6 38. Qc3 Qe7 39. g3 Qa7 40. Rf1 Ne2 41. Qd3 Qc5 42. Kg2 Qe5 43. Rd1 Nd4 44. Rd2 Nxb3 45. Qxb3 h5 46. Qf3 Kg6 47. a3 Kh6 48. Qd3 Re1 49. Qd4 Qe4+ 50. Qxe4 Rxe4 51. Rd6 Kg5 52. Ra6 Re2 53. b4 Kf6 54. Ra5 Ra2 55. Rxb5 Rxa3 56. Rb8 e5 57. b5 e4 58. b6 Rb3 59. b7 Kg6 60. Kf1 Rb2 61. Ke1 Kh7 62. Rf8 Rxb7 63. Rxf5 g6 64. Re5 Kg7 65. Rxe4 Kf6 66. Ke2 Kf5 67. Kf3 Rb3+ 68. Re3 Rb4 69. Ra3 Rb5 70. g4+ hxg4+ 71. hxg4+ Kf6 72. Ra6+ Kg5 73. Kg3 Rb3+ 74. f3 Rc3 75. Ra5+ Kf6 76. g5+ Ke6 77. Kg4 Rc4+ 78. f4 Rc7 79. Ra6+ Kf7 80. Rf6+ Kg7 81. f5 Rc4+ 82. Kf3 gxf5 83. Rxf5 Kg6 84. Ra5 1/2-1/2

[Event "SVK-chT 0203"]
[Site "Slovakia"]
[Date "2002.??.??"]
[Round "3"]
[White "Travenec, Igor"]
[Black "Janko, Ladislav"]
[Result "0-1"]
[WhiteElo "2210"]
[BlackElo "2141"]
[PlyCount "78"]
[EventDate "2002.10.??"]
[EventType "team"]
[EventRounds "11"]
[EventCountry "SVK"]
[SourceTitle "EXT 2004"]
[Source "ChessBase"]
[SourceDate "2003.11.25"]
[SourceVersion "1"]
[SourceVersionDate "2003.11.25"]
[SourceQuality "1"]

1. e4 c6 2. d4 d5 3. Nc3 dxe4 4. Nxe4 Nd7 5. Nf3 Ngf6 6. Nxf6+ Nxf6 7. Bc4 e6 8. 0-0 Be7 9. c3 0-0 10. Qe2 Nd5 11. Ne5 Qc7 12. Bd3 Bd6 13. Re1 c5 14. Bd2 cxd4 15. cxd4 f6 16. Rac1 Qe7 17. Nf3 Bd7 18. Bc4 Qf7 19. Qe4 Rae8 20. Bd3 Qh5 21. Be2 Qf7 22. h3 Bc6 23. Qg4 h5 24. Qe4 Nf4 25. Rxc6 Nxe2+ 26. Rxe2 bxc6 27. Qxc6 Qc7 28. Qe4 Qf7 29. Bc3 g5 30. Nd2 Kg7 31. Qc6 Bb8 32. Ne4 Qc7 33. Qxc7+ Bxc7 34. Rc2 Rc8 35. d5 exd5 36. Nxg5 Rfe8 37. Nf3 Be5 38. Rd2 Bxc3 39. bxc3 Red8 0-1